Väli-Amerikka kartalla - Statistics

Yleistilastot
  • Tätä visaa on pelattu 1 174 kertaa
  • Keskiarvotulos 8 / 14
Vastaukset kartalla
Vastauksille on annettu kartalla punavihreä väri sen mukaan, kuinka moni on saanut sen oikein.
 
Vastaustilastot
Vastaus % Oikein
Panama
76%
Kuuba
69%
Jamaika
68%
Dominikaaninen
tasavalta
65%
Haiti
63%
El Salvador
62%
Guatemala
60%
Bahama
56%
Costa Rica
56%
Belize
54%
Honduras
54%
Nicaragua
53%
Trinidad ja
Tobago
51%
Puerto Rico
(Yhdysvallat)
39%
Ehtoja vastaavia visoja ei löytynyt
Tulosjakauma
Jokaisen tuloksen saaneiden osuus
Persentiili vastausten määrän mukaan
Tuloshistoriasi
Et ole pelannut tätä visaa